000 00561nam a2200241 a 4500
001 nice12345678
003 IN_TiNIC
005 20260116012343.0
008 050524s0000 agra grp 000 0 urd
020 _a
_c100
082 0 0 _a297.63
_bANW
100 _aAnwarul Haq,
245 _aTazkiratul Habeeb
260 _aAgra
_bAzeezi Press
_c0000
300 _a138p
500 _aincludes index and biblioraphy
505 2 _aPart 1 and 2
650 _aMuhammad, Prophet
700 1 _aAnwarul Haq,
902 _bSRS
942 _cBK
999 _c6671
_d6671